D. Jerónimo Osório (Registo nº 201210)

Detalhes MARC
000 -Etiqueta do registo
Valores 00621nam 22001693 4500
100 ## - Dados gerais de processamento
Dados gerais 20260312d u||y0pory50 ba
200 ## - Titulo e menção de responsabilidade
Título próprio D. Jerónimo Osório
Informação de outro título tradutor da Ilíada
Primeira menção de responsabilidade Joaquim Mendes de Castro
210 ## - Publicação
Local de publicação Lisboa
Nome do editor Instituto Nacional de Investigação Cientifica. Centro de estudos Clássicos da Universidade de Lisboa
Data de publicação 1991
215 ## - Descrição física 
Paginação / Volumes 311 p.
Outras indicações físicas brochado
Dimensões 23 cm
606 ## - Nome comum usado como assunto
ID Autoridade 3661
Palavra de ordem Crítica Literária.Estudos Literários
675 ## - CDU
Notação 82.09
Edição PT
Língua por
700 ## - Autor principal (pessoa individual)
ID Autoridade 14735
Apelido Castro
Nome Joaquim Mendes de
Datas 1920-2016
801 ## - Fonte de origem
País PT
Agência BMMN
Regras de catalogação RPC
830 ## - Notas gerais do catalogador
Criado por Fernando
Indexado por Fernando
990 ## - Elementos KOHA
Tipo de documento Livro
Exemplares
Situação do levantamento Biblioteca de origem Código de barras Cota Permissão de empréstimo Tipo de documento Forma de aquisição
  Biblioteca Municipal de Montemor-o-Novo 30502 82.09 CAS|DEP   Livro Compra

Powered by Koha